000 00799nam a2200241 a 4500
001 000015554
005 20200929164056.0
008 100212s2009 pr 000 0 spa d
020 _a9789945455281
040 _aDO-SdBNP
_bspa
_cBNPHU
082 _aPR863.44
_bL864s
100 1 _aLópez, Francisco Santiago,
_d1964-
_935094
245 1 3 _aEl sueño del pescador /
_cFrancisco Santiago López ; corrección Lucinda Ausente.
260 _aSan Juan, Puerto Rico :
_bIsla Negra,
_c2009.
300 _a131 p. ;
_c22 cm.
490 1 _aEspalda de papel
500 _aIncluye datos biográficos del autor.
650 4 _aNovela puertoriqueña
_99113
650 4 _aLiteratura puertoriqueña
_96540
830 0 _aEspalda de papel
_926625
910 _aValidado. Control de calidad BNPHU
049 _aBNPD
999 _c15110
_d15110